The holy Bible (Record no. 21488)

000 -LEADER
fixed length control field 00446nam a22001817a 4500
008 - FIXED-LENGTH DATA ELEMENTS--GENERAL INFORMATION
fixed length control field 220331b ||||| |||| 00| 0 eng d
020 ## - INTERNATIONAL STANDARD BOOK NUMBER
International Standard Book Number 9789388369688
082 ## - DEWEY DECIMAL CLASSIFICATION NUMBER
Edition number 23
Classification number 220.5202
Item number FIN
110 ## - MAIN ENTRY--CORPORATE NAME
Corporate name or jurisdiction name as entry element Fingerprint
245 ## - TITLE STATEMENT
Title The holy Bible
260 ## - PUBLICATION, DISTRIBUTION, ETC. (IMPRINT)
Place of publication, distribution, etc. New Delhi
Name of publisher, distributor, etc. Fingerprint
Date of publication, distribution, etc. 2020
300 ## - PHYSICAL DESCRIPTION
Extent 1141p.;
Dimensions 21 cm.
521 ## - TARGET AUDIENCE NOTE
Target audience note it includes index.
650 ## - SUBJECT ADDED ENTRY--TOPICAL TERM
Source of heading or term Bible
650 ## - SUBJECT ADDED ENTRY--TOPICAL TERM
Source of heading or term King James version
650 ## - SUBJECT ADDED ENTRY--TOPICAL TERM
Source of heading or term Yoga
942 ## - ADDED ENTRY ELEMENTS (KOHA)
Source of classification or shelving scheme
Koha item type Books
Holdings
Withdrawn status Lost status Source of classification or shelving scheme Materials specified (bound volume or other part) Damaged status Not for loan Collection code Permanent location Current location Shelving location Date acquired Coded location qualifier Full call number Barcode Date last seen Price effective from Koha item type
      HB     YOGA Maulana Azad Central Library Maulana Azad Central Library General Stacks 2022-03-31 YOG 220.5202 FIN 65494 2022-03-31 2022-03-31 Books

Copyright @ USTM
Techno City, Kiling Road, Baridua, 9th Mile,
Ri-Bhoi, Meghalaya-793101

Powered by Koha